000 01130nam a2200337 a 4500
001
003 DO-SdBNP
005 20220318104118.0
007
008 090819s2008 mx a 000 0 spa d
020 _a9789702218319
040 _aBPMSU
_bspa
_cBPMSU
082 _a813.5
_bA613s 2008
_222
100 1 _a Ann Marsoli, Lisa
245 1 3 _aLa sirenita :
_btesoro de ayer /
_cLisa Ann Marsoli ; ilustrado por Dean Kleven, y Naill Harding ; traducción Beatriz Stellino
246 1 3 _a Padres e hijos comparten y aprenden
260 _aMéxico :
_bEdiciones Larousse,
_c2008
300 _a44 p. :
_bil.,;
_c27 cm.
490 0 _aMi primera biblioteca familiar bilingüe
534 _aTexto en español e inglés
590 _6Inventariado, 2022/VM
650 4 _aCuentos infantiles estadounidenses.
650 4 _aLiteratura infantil estadounidenses
_v
700 1 _a Kleven, Dean
_eilustración
700 1 _a Devaney, Adam
_eilustración
700 1 _a Harding, Naill
_eilustración
700 1 _aStellino, Beatriz
_etraductor
710 2 _aWalt Disney
910 _aVMateo V.
942 _2ddc
_cBK
999 _c14089
_d14089